Pixies songs - Statistics

General Stats
  • This quiz has been taken 272 times
  • The average score is 32 of 105
Answer Stats
"Purple Tape" % Correct
Surfer Rosa Where Is My Mind?
87%
Doolittle Debaser
81%
Doolittle Monkey Gone to Heaven
80%
"Purple Tape" Here Comes Your Man
78%
Doolittle Wave of Mutilation
73%
B-sides Wave of Mutilation (UK Surf)
73%
Surfer Rosa Gigantic
72%
Doolittle Hey
71%
Doolittle Gouge Away
69%
Surfer Rosa Bone Machine
64%
Doolittle Tame
58%
Bossanova Velouria
58%
Doolittle Crackity Jones
56%
Doolittle La La Love You
54%
"Purple Tape" Vamos
51%
"Purple Tape" | Come on Pilgrim Caribou
50%
Doolittle I Bleed
50%
Doolittle No. 13 Baby
50%
Doolittle Dead
49%
Doolittle Mr Grieves
49%
Doolittle Silver
48%
"Purple Tape" Broken Face
47%
Trompe le Monde U-Mass
47%
Surfer Rosa Cactus
46%
Trompe le Monde Trompe le Monde
46%
Trompe le Monde Alec Eiffel
44%
Bossanova Allison
44%
"Purple Tape" Nimrod's Son
44%
Surfer Rosa Tony's Theme
44%
Surfer Rosa River Euphrates
43%
Surfer Rosa Brick Is Red
42%
"Purple Tape" Break My Body
41%
Doolittle There Goes My Gun
41%
Bossanova Dig for Fire
40%
Bossanova Ana
39%
Bossanova Rock Music
38%
Indie Cindy Indie Cindy
36%
"Purple Tape" The Holiday Song
36%
Bossanova Is She Weird
35%
"Purple Tape" Levitate Me
35%
Trompe le Monde Planet of Sound
35%
"Purple Tape" Ed Is Dead
34%
"Purple Tape" Isla De Encanta
34%
Surfer Rosa Oh My Golly!
34%
Bossanova Cecilia Ann (the Surftones cover)
33%
Bossanova Havalina
33%
Surfer Rosa Something Against You
32%
B-sides Into the White
30%
Trompe le Monde Head On (Jesus and Mary Chain cover)
29%
B-sides The Thing
29%
Bossanova All Over the World
27%
Trompe le Monde Letter to Memphis
27%
B-sides Letter to Memphis (instrumental)
27%
Bossanova Hang Wire
25%
"Purple Tape" I'm Amazed
24%
"Purple Tape" I've Been Tired
24%
Bossanova The Happening
24%
B-sides Winterlong (Neil Young cover)
24%
Trompe le Monde Motorway to Roswell
23%
B-sides Manta Ray
22%
"Purple Tape" In Heaven (Lady in the Radiator Song)
21%
"Purple Tape" Subbacultcha
21%
Trompe le Monde Space (I Believe in)
20%
Bossanova Stormy Weather
20%
Trompe le Monde The Sad Punk
20%
B-sides Dancing the Manta Ray
19%
Trompe le Monde Bird Dream of the Olympus Mons
18%
"Purple Tape" Down to the Well
18%
Indie Cindy Greens and Blues
18%
Trompe le Monde Palace of the Brine
17%
Trompe le Monde The Navajo Know
16%
Indie Cindy Bagboy
14%
Trompe le Monde Distance Equals Rate Times Time
14%
Bossanova Blown Away
13%
Singles Bam Thwok
12%
Indie Cindy Snakes
12%
Trompe le Monde Lovely Day
11%
Indie Cindy Magdalena 318
11%
B-sides Weird at My School
10%
Indie Cindy Another Toe in the Ocean
8%
B-sides Bailey's Walk
8%
Indie Cindy Blue Eyed Hexe
8%
B-sides Santo
8%
Indie Cindy Silver Snail
8%
Indie Cindy What Goes Boom
8%
Live covers Wild Honey Pie (Beatles cover)
8%
Live covers Been All Around The World (traditional)
7%
Singles Um Chagga Lagga
7%
B-sides Velvety Instrumental Version
7%
Indie Cindy Andro Queen
6%
"Purple Tape" Build High
6%
"Purple Tape" Rock a My Soul
6%
B-sides Theme from Narc
6%
Bootlegs Boom Chicka Boom
5%
B-sides Evil Hearted You (Yardbirds cover)
5%
Tributes I Can't Forget (Leonard Cohen cover)
5%
B-sides I've Been Waiting for You (Neil Young cover)
5%
Indie Cindy Jaime Bravo
5%
B-sides Make Believe
5%
Indie Cindy Ring the Bell
5%
Tributes Ain't That Pretty At All (Warren Zevon cover)
3%
Indie Cindy Women of War (vinyl exclusive)
3%
Tributes Born in Chicago (Paul Butterfield Blues Band cover)
2%
Bootlegs Hang On to Your Ego (Beach Boys cover)
2%
No matching quizzes found
Score Distribution
Percent of People with Each Score
Percentile by Number Answered
Your Score History
You have not taken this quiz